00305nam a2200121Ia 4500008004100000020001800041082001700059100002300076245004400099260002400143300000800167650000800175191201s2010 xx 000 0 und d a9788120341302 a005.133bHAM aHALVORSON, Michael 0aMicrosoft Visual Basic NET Step by Step aN. DelhibPHIc2010 a544 aMCA